000 00496nam a2200181Ia 4500
001 21453
005 20260306172920.0
008 260306t2003||||xx |||||||||||||| ||spa||
041 _aESP
082 _a345
_bQ71
100 _aQuiroga León, Aníbal
_eAUT
245 0 _aEl debido proceso legal en el Perú y el sistema interamericano de protección de derechos humanos
260 _c2003
300 _a444 páginas :
_c23 cm.
650 _aGEN
654 _aCDE
942 _cLIB
_dJUS
_fJUS
_2ddc
_n
999 _c21453
_d21453